02363nam a2200349Ia 4500008004100000020001800041082001500059100002200074245002900096260003500125300001400160505021100174650004700385952009200432952009200524952009200616952009200708952009200800952009200892952009200984952009201076952009201168952009201260952009201352952009201444952009201536952009201628952009201720952009201812952009201904999001701996120629s9999 xx 000 0 und d a970-640-076-1 aC610 P438o aPerez Tamayo, Ruy aObras / Ruy Perez Tamayo aMéxico : El Colegio Nacional aIrregular aTomo. 2-4. Articulos cientificos - Tomo.6-10. Articulos de divulgacion - Curriculum Vitae - Tomo. 14. Articulos de divulgacion : temas universitarios. Personas y personajes. Comentarios y prologos de libros a1. MEDICINA-ENSAYOS \ 2.CIENCIA-ENSAYOSÌ 00104070a15b15d2010-07-23l0oC610 P438Op15 003782r2017-12-07t1w2012-06-28yLB 00104070a15b15d2010-07-23l0oC610 P438Op15 003783r2017-12-07t1w2012-06-28yLB 00104070a15b15d2010-07-23l0oC610 P438Op15 003784r2017-12-07t1w2012-06-28yLB 00104070a15b15d2010-07-23l0oC610 P438Op15 003786r2017-12-07t1w2012-06-28yLB 00104070a15b15d2010-07-23l0oC610 P438Op15 003792r2017-12-07t1w2012-06-28yLB 00104070a15b15d2010-07-23l0oC610 P438Op15 003793r2017-12-07t1w2012-06-28yLB 00104070a15b15d2010-07-23l0oC610 P438Op15 003794r2017-12-07t1w2012-06-28yLB 00104070a15b15d2010-07-23l0oC610 P438Op15 003795r2017-12-07t1w2012-06-28yLB 00104070a15b15d2010-07-23l0oC610 P438Op15 003796r2017-12-07t1w2012-06-28yLB 00104070a15b15d2010-07-23l0oC610 P438Op15 003861r2017-12-07t1w2012-06-28yLB 00104070a15b15d2010-07-23l0oC610 P438Op15 003862r2017-12-07t1w2012-06-28yLB 00104070a15b15d2010-07-23l0oC610 P438Op15 003865r2017-12-07t1w2012-06-28yLB 00104070a15b15d2010-07-23l0oC610 P438Op15 003900r2017-12-07t1w2012-06-28yLB 00104070a15b15d2010-07-23l0oC610 P438Op15 003903r2017-12-07t1w2012-06-28yLB 00104070a15b15d2010-07-23l0oC610 P438Op15 003909r2017-12-07t1w2012-06-28yLB 00104070a15b15d2010-07-23l0oC610 P438Op15 003913r2017-12-07t1w2012-06-28yLB 00104070a15b15d2010-07-23l0oC610 P438Op15 003915r2017-12-07t1w2012-06-28yLB c77234d77234